Chemické listy
| Nový názov: | Czech Chemical Society Symposium Series |
|---|---|
| Predchádzajúci názov: | Chemické listy pro vědu a průmysl Bulletin českých chemických společností |
| Médium: | Časopis |
| Jazyk: | čeština |
| PhysicalDescription: | zv. 28 cm Online vydanie: Chemické listy (On-line) ISSN 1213-7103 |
| Vydavateľské údaje: |
Praha
Průmyslové vydavatelství
1951-
Praha ČSAV Praha Academia Praha Československá společnost chemická Praha Česká společnost chemická |
| ISSN: | 0009-2770 1803-2389 1213-7103 0366-6832 2336-7202 |
| Predmet: | |
| On-line prístup: | http://www.chemicke-listy.cz/cz/index.html |
MARC
| LEADER | 00000cas a2200000 a 4500 | ||
|---|---|---|---|
| 001 | vtls008302885 | ||
| 003 | SK-MaSNL | ||
| 005 | 20260228155824.0 | ||
| 008 | 051013c19519999xr mr p 0 b0cze d | ||
| 022 | |a 0009-2770 | ||
| 035 | |a (SVKBB03)vtls000106053 | ||
| 040 | |a SVKPO |b slo |c SVKPO |d STUSCHK1 |d SAVUK |d SNK |e AACR2 | ||
| 041 | 0 | |a cze | |
| 044 | |a xr |c CZ | ||
| 072 | 7 | |a 54 |x Chémia. Mineralogické vedy |2 konspekt | |
| 080 | |a 54 |2 2011 | ||
| 080 | |a 050 |2 2011 | ||
| 080 | |a (051)-027.561 |2 2011 | ||
| 210 | 0 | |a Chem. listy |b (Print) | |
| 222 | 0 | |a Chemické listy |b Praha | |
| 245 | 0 | 0 | |a Chemické listy |
| 246 | 3 | |a Bulletin Chemické listy | |
| 246 | 3 | |a Chemické listy S | |
| 246 | 3 | |a Bulletin českých chemických společností | |
| 246 | 3 | 1 | |a Chemical papers (Prague) |
| 246 | 3 | |a Bulletin Asociace českých chemických společností | |
| 260 | |a Praha |b Průmyslové vydavatelství |c 1951- | ||
| 260 | 2 | |3 1954-1967 |a Praha |b ČSAV | |
| 260 | 2 | |3 1968-1991 |a Praha |b Academia | |
| 260 | 2 | |3 1992-1992 |a Praha |b Československá společnost chemická | |
| 260 | 3 | |3 1993- |a Praha |b Česká společnost chemická | |
| 300 | |a zv. |c 28 cm | ||
| 310 | |a 1x mesačne | ||
| 362 | 0 | |a Roč. 45, č. 1 (1951)- |z NKP | |
| 500 | |a Vydáva Česká společnost chemická ako časopis Asociace českých chemických společností v spolupr. s VŠCHT v Prahe, s ČSPCH a ÚOCHB AV ČR | ||
| 500 | |a V tiráži do r. 1999 názov aj anglicky: Chemical papers (Prague) | ||
| 500 | |a Podnázov v tiráži od č. 4/1998 do č. 1/2003: časopis Asociace českých chemických společností | ||
| 500 | |a Od r. 1997 je súčaťou časopisu 4x ročne Bulletin českých chemických společností (názov od č. 2/1998: Bulletin Asociace českých chemických společností), s vlastním ročníkovaním a číslovaním | ||
| 500 | |a V l. 2003-2014 vychádzal s označením "S" sympoziální řada | ||
| 500 | |a Vydáva Česká společnost chemická ako časopis Asociace českých chemických společností | ||
| 500 | |a Vydávané v spolupráci s: Vysokou školou chemicko-technologickou v Praze, Fakultou chemicko-technologickou Univerzity Pardubice, Českou společností průmyslové chemie, Ústavem organické chemie a biochemie AV ČR | ||
| 500 | |a Supplementy vychádzajú v tlačenej podobe alebo na CD-ROM | ||
| 530 | |a Online vydanie: Chemické listy (On-line) ISSN 1213-7103 | ||
| 650 | 0 | 7 | |a chémia |2 SNKPH |9 749 |
| 655 | 7 | |a odborné časopisy |2 SNKPH |9 70505 | |
| 776 | 0 | |t Chemické listy (CD-ROM) |x 1803-2389 | |
| 776 | 0 | |t Chemické listy (On-line) |x 1213-7103 | |
| 780 | 0 | 0 | |t Chemické listy pro vědu a průmysl |x 0366-6832 |
| 780 | 0 | 5 | |t Bulletin českých chemických společností |
| 785 | 0 | 1 | |t Czech Chemical Society Symposium Series |x 2336-7202 |
| 850 | |a Štátna vedecká knižnica v Prešove | ||
| 850 | |a Slovenská chemická knižnica v Bratislave | ||
| 856 | 4 | 1 | |u http://www.chemicke-listy.cz/cz/index.html |
| 910 | |a SCHK95 | ||
| 910 | |a savuk | ||
| 910 | |a snk | ||
| 999 | |c 679 |d 679 | ||
| 952 | |0 0 |1 1 |4 0 |7 0 |a SNK |b SNK |d 2001-04-20 |l 0 |o snkČB 430/86/1992/1 |p 17A0297795 |r 2005-01-02 00:00:00 |t č. 1-6 |w 2026-02-21 |y PREZ | ||
| 952 | |0 0 |1 1 |3 rekatalogizácia |4 0 |7 0 |a SNK |b SNK |d 2006-05-09 |i snk624/52 |l 0 |o snkČB 430/45/1951 |p 17A0507492 |r 2026-02-21 19:52:27 |t č. 1-12 |w 2026-02-21 |y PREZ | ||
| 952 | |0 0 |1 0 |3 rekatalogizácia |4 0 |7 0 |a SNK |b SNK |d 2006-05-09 |i snk387/53 |l 0 |o snkČB 430/46/1952 |p 17A0507327 |r 2026-02-21 19:52:27 |t č. 1-12 |w 2026-02-21 |y PREZ | ||
| 952 | |0 0 |1 1 |4 0 |7 0 |a SNK |b SNK |d 2002-10-31 |l 0 |o snkČB 430/79/1985/2 |p 17A0362499 |r 2005-01-02 00:00:00 |t č. 7-12 |w 2026-02-21 |y PREZ | ||
| 952 | |0 0 |1 1 |4 0 |7 0 |a SNK |b SNK |d 2002-10-25 |l 0 |o snkČB 430/78/1984/2 |p 17A0362083 |r 2005-01-02 00:00:00 |t č. 7-12 |w 2026-02-21 |y PREZ | ||
| 952 | |0 0 |1 1 |4 0 |7 0 |a SNK |b SNK |d 2002-09-23 |l 0 |o snkČB 430/65/1971/2 |p 17A0355924 |r 2005-01-02 00:00:00 |t č. 7-12 |w 2026-02-21 |y PREZ | ||
| 952 | |0 0 |1 1 |4 0 |7 0 |a SNK |b SNK |d 2002-10-10 |l 0 |o snkČB 430/73/1979/1 |p 17A0358816 |r 2005-01-02 00:00:00 |t č. 1-6 |w 2026-02-21 |y PREZ | ||
| 952 | |0 0 |1 1 |4 0 |7 0 |a SNK |b SNK |d 1999-04-20 |l 0 |o snkČB 430/85/1991/1 |p 17A0190180 |r 2005-01-02 00:00:00 |t č. 1-6 |w 2026-02-21 |y PREZ | ||
| 952 | |0 0 |1 1 |4 0 |7 0 |a SNK |b SNK |d 2013-04-20 |i snkII. 298/54 |l 0 |o snkČB 430/47/1953 |p 17A1052347 |r 2026-02-21 20:31:19 |t č. 1-12 |w 2026-02-21 |y PREZ | ||
| 952 | |0 0 |1 1 |4 0 |7 0 |a SNK |b SNK |d 2001-11-21 |i snkČIP 2101/91 |l 0 |o snkČB 430/84/1990/1 |p 17A0323333 |r 2005-01-02 00:00:00 |t č. 1-6 |w 2026-02-21 |y PREZ | ||
| 952 | |0 0 |1 1 |4 0 |7 0 |a SNK |b SNK |d 2001-11-21 |i snkČIP 2103/91 |l 0 |o snkČB 430/84/1990/2 |p 17A0323289 |r 2005-01-02 00:00:00 |t č. 7-12 |w 2026-02-21 |y PREZ | ||
| 952 | |0 0 |1 1 |4 0 |7 0 |a SNK |b SNK |d 2002-10-25 |l 0 |o snkČB 430/78/1984/1 |p 17A0362084 |r 2005-01-02 00:00:00 |t č. 1-6 |w 2026-02-21 |y PREZ | ||
| 952 | |0 0 |1 1 |4 0 |7 0 |a SNK |b SNK |d 2002-10-31 |l 0 |o snkČB 430/79/1985/1 |p 17A0362502 |r 2005-01-02 00:00:00 |t č. 1-6 |w 2026-02-21 |y PREZ | ||
| 952 | |0 0 |1 1 |4 0 |7 0 |a SNK |b SNK |d 2002-10-08 |l 0 |o snkČB 430/66/1972/1 |p 17A0358496 |r 2005-01-02 00:00:00 |t č. 1-6 |w 2026-02-21 |y PREZ | ||
| 952 | |0 0 |1 1 |4 0 |7 0 |a SNK |b SNK |d 2002-10-08 |l 0 |o snkČB 430/66/1972/2 |p 17A0358497 |r 2005-01-02 00:00:00 |t č. 7-12 |w 2026-02-21 |y PREZ | ||
| 952 | |0 0 |1 1 |4 0 |7 0 |a SNK |b SNK |d 2002-10-08 |l 0 |o snkČB 430/67/1973/1 |p 17A0358498 |r 2005-01-02 00:00:00 |t č. 1-6 |w 2026-02-21 |y PREZ | ||
| 952 | |0 0 |1 1 |4 0 |7 0 |a SNK |b SNK |d 2002-10-08 |l 0 |o snkČB 430/67/1973/2 |p 17A0358460 |r 2005-01-02 00:00:00 |t č. 7-12 |w 2026-02-21 |y PREZ | ||
| 952 | |0 0 |1 1 |4 0 |7 0 |a SNK |b SNK |d 2002-10-08 |l 0 |o snkČB 430/68/1974/1 |p 17A0358457 |r 2005-01-02 00:00:00 |t č. 1-6 |w 2026-02-21 |y PREZ | ||
| 952 | |0 0 |1 1 |4 0 |7 0 |a SNK |b SNK |d 2002-10-08 |l 0 |o snkČB 430/68/1974/2 |p 17A0358462 |r 2005-01-02 00:00:00 |t č. 7-12 |w 2026-02-21 |y PREZ | ||
| 952 | |0 0 |1 1 |4 0 |7 0 |a SNK |b SNK |d 2002-10-08 |l 0 |o snkČB 430/69/1975/1 |p 17A0358466 |r 2005-01-02 00:00:00 |t č. 1-6 |w 2026-02-21 |y PREZ | ||
| 952 | |0 0 |1 1 |4 0 |7 0 |a SNK |b SNK |d 2002-10-08 |l 0 |o snkČB 430/69/1975/2 |p 17A0358467 |r 2005-01-02 00:00:00 |t č. 7-12 |w 2026-02-21 |y PREZ | ||
| 952 | |0 0 |1 1 |4 0 |7 0 |a SNK |b SNK |d 2002-10-10 |l 0 |o snkČB 430/70/1976/2 |p 17A0358802 |r 2005-01-02 00:00:00 |t č. 7-12 |w 2026-02-21 |y PREZ | ||
| 952 | |0 0 |1 1 |4 0 |7 0 |a SNK |b SNK |d 2002-10-10 |l 0 |o snkČB 430/71/1977/1 |p 17A0358801 |r 2005-01-02 00:00:00 |t č. 1-6 |w 2026-02-21 |y PREZ | ||
| 952 | |0 0 |1 1 |4 0 |7 0 |a SNK |b SNK |d 2002-10-10 |l 0 |o snkČB 430/72/1978/1 |p 17A0358854 |r 2005-01-02 00:00:00 |t č. 1-6 |w 2026-02-21 |y PREZ | ||
| 952 | |0 0 |1 1 |4 0 |7 0 |a SNK |b SNK |d 2002-10-10 |l 0 |o snkČB 430/70/1976/1 |p 17A0358846 |r 2005-01-02 00:00:00 |t č. 1-6 |w 2026-02-21 |y PREZ | ||
| 952 | |0 0 |1 0 |4 0 |7 0 |a SNK |b SNK |d 2002-10-10 |i snkČIP 716/80 |l 0 |o snkČB 430/73/1979/2 |p 17A0358859 |r 2005-01-02 00:00:00 |t č. 7-12 |w 2026-02-21 |y PREZ | ||
| 952 | |0 0 |1 0 |4 0 |7 0 |a SNK |b SNK |d 2002-10-10 |l 0 |o snkČB 430/74/1980/2 |p 17A0358893 |r 2005-01-02 00:00:00 |t č. 7-12 |w 2026-02-21 |y PREZ | ||
| 952 | |0 0 |1 1 |4 0 |7 0 |a SNK |b SNK |d 2002-10-10 |l 0 |o snkČB 430/75/1981/1 |p 17A0358857 |r 2005-01-02 00:00:00 |t č. 1-6 |w 2026-02-21 |y PREZ | ||
| 952 | |0 0 |1 1 |4 0 |7 0 |a SNK |b SNK |d 2002-10-10 |l 0 |o snkČB 430/71/1977/2 |p 17A0358817 |r 2005-01-02 00:00:00 |t č. 7-12 |w 2026-02-21 |y PREZ | ||
| 952 | |0 0 |1 1 |4 0 |7 0 |a SNK |b SNK |d 2002-10-10 |l 0 |o snkČB 430/72/1978/2 |p 17A0358903 |r 2005-01-02 00:00:00 |t č. 7-12 |w 2026-02-21 |y PREZ | ||
| 952 | |0 0 |1 1 |4 0 |7 0 |a SNK |b SNK |d 2002-10-10 |l 0 |o snkČB 430/74/1980/1 |p 17A0358819 |r 2005-01-02 00:00:00 |t č. 1-6 |w 2026-02-21 |y PREZ | ||
| 952 | |0 0 |1 1 |4 0 |7 0 |a SNK |b SNK |d 2002-10-10 |l 0 |o snkČB 430/75/1981/2 |p 17A0358818 |r 2005-01-02 00:00:00 |t č. 7-12 |w 2026-02-21 |y PREZ | ||
| 952 | |0 0 |1 1 |4 0 |7 0 |a SNK |b SNK |d 1999-07-01 |l 0 |o snkČB 430/77/1983/2 |p 17A0199896 |r 2005-01-02 00:00:00 |t č. 7-12 |w 2026-02-21 |y PREZ | ||
| 952 | |0 0 |1 1 |4 0 |7 0 |a SNK |b SNK |d 2001-11-21 |i snkČIP 1447/87 |l 0 |o snkČB 430/80/1986/1 |p 17A0323325 |r 2005-01-02 00:00:00 |t č. 1-6 |w 2026-02-21 |y PREZ | ||
| 952 | |0 0 |1 1 |4 0 |7 0 |a SNK |b SNK |d 2001-11-21 |i snkČIP 1449/87 |l 0 |o snkČB 430/80/2/1986 |p 17A0323326 |r 2005-01-02 00:00:00 |t č. 7-12 |w 2026-02-21 |y PREZ | ||
| 952 | |0 0 |1 1 |4 0 |7 0 |a SNK |b SNK |d 2001-11-21 |i snkČIP 1397/88 |l 0 |o snkČB 430/81/1987/1 |p 17A0323327 |r 2005-01-02 00:00:00 |t č. 1-6 |w 2026-02-21 |y PREZ | ||
| 952 | |0 0 |1 1 |4 0 |7 0 |a SNK |b SNK |d 2001-11-21 |i snkČIP 1399/88 |l 0 |o snkČB 430/81/1987/2 |p 17A0323329 |r 2005-01-02 00:00:00 |t č. 7-12 |w 2026-02-21 |y PREZ | ||
| 952 | |0 0 |1 1 |4 0 |7 0 |a SNK |b SNK |d 2001-11-21 |i snkČIP 1857/89 |l 0 |o snkČB 430/82/1988/1 |p 17A0323328 |r 2005-01-02 00:00:00 |t č. 1-6 |w 2026-02-21 |y PREZ | ||
| 952 | |0 0 |1 1 |4 0 |7 0 |a SNK |b SNK |d 2001-11-21 |i snkČIP 1859/89 |l 0 |o snkČB 430/82/1988/2 |p 17A0323330 |r 2005-01-02 00:00:00 |t č. 7-12 |w 2026-02-21 |y PREZ | ||
| 952 | |0 0 |1 1 |4 0 |7 0 |a SNK |b SNK |d 2001-11-21 |i snkČIP 2417/90 |l 0 |o snkČB 430/83/1989/1 |p 17A0323331 |r 2005-01-02 00:00:00 |t č. 1-6 |w 2026-02-21 |y PREZ | ||
| 952 | |0 0 |1 1 |4 0 |7 0 |a SNK |b SNK |d 2001-11-21 |i snkČIP 2419/90 |l 0 |o snkČB 430/83/1989/2 |p 17A0323332 |r 2005-01-02 00:00:00 |t č. 7-12 |w 2026-02-21 |y PREZ | ||
| 952 | |0 0 |1 1 |4 0 |7 0 |a SNK |b SNK |d 2012-05-21 |l 0 |o snkČB 430/49/1955 |p 17A0888307 |r 2026-02-21 21:02:01 |w 2026-02-21 |y PREZ | ||
| 952 | |0 0 |1 0 |4 0 |7 0 |a SNK |b SNK |d 2012-05-21 |i snkČIP 36/57 |l 0 |o snkČB 430/50(80)/1956/1 |p 17A0888640 |r 2026-02-21 21:02:01 |t č. 1-6 |w 2026-02-21 |y PREZ | ||
| 952 | |0 0 |1 0 |4 0 |7 0 |a SNK |b SNK |d 2012-05-21 |l 0 |o snkČB 430/50(80)/1956/2 |p 17A0888502 |r 2026-02-21 21:02:01 |t č. 7-12 |w 2026-02-21 |y PREZ | ||
| 952 | |0 0 |1 1 |4 0 |7 0 |a SNK |b SNK |d 2012-05-21 |i snkČIP 91/56 |l 0 |o snkČB 430/49/1955 |p 17A0888461 |r 2026-02-21 21:02:01 |t č. 1-12 |w 2026-02-21 |y PREZ | ||
| 952 | |0 0 |1 1 |4 0 |7 0 |a SNK |b SNK |d 2008-06-17 |i snkČIP 214/70 |l 0 |o snkČB 430/62/1968/2 |p 17A0588829 |r 2026-02-21 21:29:46 |t č. 7-12 |w 2026-02-21 |y PREZ | ||
| 952 | |0 0 |1 1 |4 0 |7 0 |a SNK |b SNK |d 2008-06-17 |i snkČIP 213/70 |l 0 |o snkČB 430/62/1968/1 |p 17A0588992 |r 2026-02-21 21:29:46 |t č. 1-6 |w 2026-02-21 |y PREZ | ||
| 952 | |0 0 |1 1 |4 0 |7 0 |a SNK |b SNK |d 2009-08-11 |i snkČIP 2761/67 |l 0 |o snkČB 430/60/1966/1 |p 17A0626539 |r 2026-02-21 21:30:27 |t č. 1-6 |w 2026-02-21 |y PREZ | ||
| 952 | |0 0 |1 1 |4 0 |7 0 |a SNK |b SNK |d 2009-08-11 |i snkČIP 2761/67 |l 0 |o snkČB 430/60/1966/2 |p 17A0626538 |r 2026-02-21 21:30:27 |t č. 7-12 |w 2026-02-21 |y PREZ | ||
| 952 | |0 0 |1 1 |4 0 |7 0 |a SNK |b SNK |d 2002-09-23 |l 0 |o snkČB 430/65/1971/1 |p 17A0355855 |r 2005-01-02 00:00:00 |t č. 1-6 |w 2026-02-21 |y PREZ | ||
| 952 | |0 0 |1 1 |4 0 |7 0 |a SNK |b SNK |d 1997-01-21 |l 0 |o snkČB 430/86/1992/2 |p 17A0032098 |r 2005-01-01 00:00:00 |t č. 7-12 |w 2026-02-21 |y PREZ | ||
| 952 | |0 0 |1 1 |4 0 |7 0 |a SNK |b SNK |d 1997-01-21 |l 0 |o snkČB 430/87/1993 |p 17A0032417 |r 2005-01-01 00:00:00 |t č. 1 |w 2026-02-21 |y PREZ | ||
| 952 | |0 0 |1 1 |4 0 |7 0 |a SNK |b SNK |d 2001-11-21 |i snkČIP 3803/92 |l 0 |o snkČB 430/85/1991/2 |p 17A0323349 |r 2005-01-02 00:00:00 |t č. 7-12 |w 2026-02-21 |y PREZ | ||
| 952 | |0 0 |1 1 |4 0 |7 0 |a SNK |b SNK |d 1999-07-01 |l 0 |o snkČB 430/77/1983/1 |p 17A0199897 |r 2005-01-02 00:00:00 |t č. 1-6 |w 2026-02-21 |y PREZ | ||
| 952 | |0 0 |1 1 |4 0 |7 0 |a SNK |b SNK |d 2002-09-03 |l 0 |o snkČB 430/64/1970/1 |p 17A0240423 |r 2005-01-02 00:00:00 |t č. 1-6 |w 2026-02-21 |y PREZ | ||
| 952 | |0 0 |1 1 |4 0 |7 0 |a SNK |b SNK |d 2002-09-03 |l 0 |o snkČB 430/64/1970/2 |p 17A0350037 |r 2005-01-02 00:00:00 |t č. 7-12 |w 2026-02-21 |y PREZ | ||
| 952 | |0 0 |1 1 |4 0 |7 0 |a SNK |b SNK |d 2002-10-25 |l 0 |o snkČB 430/76/1982/2 |p 17A0360915 |r 2005-01-02 00:00:00 |t č. 7-12 |w 2026-02-21 |y PREZ | ||
| 952 | |0 0 |1 1 |4 0 |7 0 |a SNK |b SNK |d 2002-10-25 |l 0 |o snkČB 430/76/1982/1 |p 17A0362082 |r 2005-01-02 00:00:00 |t č. 1-6 |w 2026-02-21 |y PREZ | ||
| 952 | |0 0 |1 0 |4 0 |7 0 |a SNK |b SNK |d 2016-10-17 |l 0 |o snkČB 430/51(81)/1957/2 |p 17A1185841 |r 2026-02-21 22:10:32 |t č. 7-12 |w 2026-02-21 |y PREZ | ||
| 952 | |0 0 |1 0 |4 0 |7 0 |a SNK |b SNK |d 2016-10-17 |i snkČSP 522/58 |l 0 |o snkČB 430/51(81)/1957/1 |p 17A1185840 |r 2026-02-21 22:10:32 |t č. 1-6 |w 2026-02-21 |y PREZ | ||


